01678nam a22002177a 4500003000500000005001700005008004100022020001800063041001200081082002100093100001900114245007000133260003400203300004700237520084900284650004401133942001501177999001701192952013301209952011801342CUTN20250704151956.0250326b |||||||| |||| 00| 0 eng d a9781071631287 aEnglish a538.362bATT223 aAtta-Ur-Rahman aNuclear Magnetic Resonance : bBasic Principles /cAtta-Ur-Rahman bSpringer,cr 2023.aNew York: aix, 358 p.:bill.;c 20.3 x 25.4 x 4.7 cm. aWe are new to the on-line trade but with solid experience of two decades, we carry large stocks of books on various subjects in our show room. The subjects we carry in stock are - Academic, Ancient & Classical Art, Archaeology, Architecture, Art History, Astrology, Auto- biographies, Books from India, Biology, Biographies, Computer Science, Dictionaries, Decorative Art, Design, Economics, Ethnic Arts & Crafts, Fashion & Jewellery, Gardens & Landscape Design, Geography, Graphics, History, Homeopathy, Karma, Language, Law, Linguistics, Medicine, Modern & Contemporary Art, Music & Performing Art, Mythology & Religion, Numismatics, Philately, Pleasure, Political Science, Photography, Research, Science & Environment, Scientific, Style & Interiors, Technical, Terrorism, Textiles & Carpets, Travel & Topography, Western Art, Wildlife, Yoga. aNuclear magnetic resonance spectroscopy 2ddccBOOKS c44122d44122 00102ddc40708NFICaCUTNbCUTNc500d2025-03-26l4m3o538.362 ATTp51743r2025-11-25 12:53:05s2025-10-24w2025-03-26yBOOKS 00102ddc40708NFICaCUTNbCUTNc500d2025-07-04l0o538.362 ATTp51271r2025-07-04 15:22:21w2025-07-04yBOOKS